| 000 | 01267nam a2200325 a 4500 | ||
|---|---|---|---|
| 001 | 000115796 | ||
| 003 | CHAP | ||
| 005 | 20220329144548.0 | ||
| 008 | 190708s2018 mx a sm |||||||spa d | ||
| 010 | _a112257 | ||
| 011 | _a113229 | ||
| 040 | _cCHAP | ||
| 090 | _aTesis | ||
| 100 | 1 |
_aEstrada Corrales, José Manuel. _9136419 |
|
| 245 | 1 | 0 |
_aRendimiento y crecimiento de chile serrano en respuesta a la fetilización foliar, al suelo y a la intemperie / _h[En línea] _cpor José Manuel Estrada Corrales. |
| 260 |
_aChapingo, Méx. : _bEl autor, _c2018. |
||
| 500 | _aPara ver el contenido del material haga clic en la liga | ||
| 502 | _aTesis (Ing. Agr. Fitotecnista) -- Colegio Superior Agropecuario del Estado de Guerrero. Centro de Estudios Profesionales | ||
| 590 |
_aBATCH-UPD _b05 _c20190708 _lUCH01 _h1252 |
||
| 590 |
_aE8697GMM _b05 _c20190708 _lUCH01 _h1004 |
||
| 590 |
_aE8697GMM _b05 _c20190708 _lUCH01 _h1005 |
||
| 590 |
_aE8697GMM _b05 _c20190708 _lUCH01 _h1251 |
||
| 650 | 1 | 4 |
_aChile serrano _xCrecimiento. _922509 |
| 650 | 1 | 4 |
_aChile serrano _xFertilización. _9136420 |
| 650 | 1 | 4 |
_aChile serrano _xRendimiento. _922523 |
| 856 |
_aFinding aid _uhttp://10.13.5.2/tesis/sist115796.pdf _zTeclea aquí |
||
| 901 | _aBK | ||
| 942 | _cTESIS | ||
| 942 | _n0 | ||
| 999 |
_c112257 _d112257 |
||